|
|
|
|
| LEADER |
00767nta a2200181 i 4500 |
| 001 |
dipl2601 |
| 005 |
20130314071609.0 |
| 008 |
110427s2004 hu om 0|| hun d |
| 040 |
|
|
|a SZTE Diploma Repozitórium
|b hun
|
| 041 |
|
|
|a hun
|
| 100 |
1 |
|
|a Ginter Gábor
|
| 245 |
1 |
0 |
|a Internetes tőzsdei alert
|h [elektronikus dokumentum] /
|c Gábor Ginter
|
| 260 |
|
|
|c 2004-05-31
|
| 650 |
|
4 |
|a Informatika
|
| 700 |
1 |
|
|a Csendes Tibor
|e ths
|
| 856 |
4 |
0 |
|u http://diploma.bibl.u-szeged.hu/id/eprint/2601/1/2004_ginter_gabor_04_50.pdf
|z Dokumentum-elérés
|
| 856 |
4 |
0 |
|u http://diploma.bibl.u-szeged.hu/id/eprint/2601/2/2004_ginter_gabor_04_50_biralati.pdf
|z Dokumentum-elérés
|
| 856 |
4 |
0 |
|u http://diploma.bibl.u-szeged.hu/id/eprint/2601/3/2004_ginter_gabor_04_50_melleklet.tgz
|z Dokumentum-elérés
|